000 00387nam a22001577a 4500
003 MPLRDC
005 20220104114601.0
008 210129b ||||| |||| 00| 0 eng d
082 _a848.1 YDF-32 v.2
100 _a郁达夫主编
245 _a中国文学研究. 下
_c
260 _a
_b清流出版社
_c1976
300 _b
650 _a现代别集
942 _cBK
_o848.1 YDF-32 v.2
999 _c8619
_d8609